| 000 | 01054nam a2200325 a 4500 | ||
|---|---|---|---|
| 001 | vtls000081824 | ||
| 003 | NLI | ||
| 005 | 20210601194543.0 | ||
| 008 | 101125s1968 ii 001 0 eng | ||
| 020 | _cRs. 20.00 | ||
| 039 | 9 |
_y201011250855 _zVLOAD |
|
| 040 | 0 |
_aNLI _beng _cEntertech-2003 _eAACR2 |
|
| 041 | 0 | _aeng | |
| 044 | _aii | ||
| 082 | 0 | 4 | _a111.85 |
| 100 | 1 |
_aChatterji, P. C. _q(Probhat Chandra), _d1921- _9188489 |
|
| 245 | 1 | 0 |
_aFundamental questions in aesthetics / _cP. C. Chatterji |
| 260 |
_aShimla : _bIndian Institute of Advanced Study, _c1968 |
||
| 300 |
_axiii, 202 p. ; _c21 cm. |
||
| 500 | _aIncludes index | ||
| 650 | 0 | _aAesthetics | |
| 650 | 0 |
_aValues _938067 |
|
| 710 | 2 |
_aIndian Institute of Advanced Study (Shimla, India) _4pbl _9128455 |
|
| 887 | _a | ||
| 901 |
_aDB13464 _b22.03.1969 |
||
| 902 | _aE111.85 C392 | ||
| 949 |
_AVIRTUAITEM _D10000 _X100 _6DBA000013464ENG |
||
| 942 |
_2ddc _cBKS |
||
| 999 |
_aVIRTUA00 _c86331 _d86331 |
||
| 999 | _aVTLSSORT0080*0200*0400*0410*0440*0820*1000*2450*2600*3000*5000*6500*6501*7100*9010*9020*9490*9991 | ||